| Tag |
First Indicator |
Second Indicator |
Subfields |
| LEADER |
00000cam a2200000 a 4500 |
| 001 |
in00000036292 |
| 005 |
20151007055432.0 |
| 008 |
871217s1987 azu b 00010 eng d |
| 035 |
|
|
|a (OCoLC)17250875
|
| 035 |
|
|
|9 AAB8238AM
|
| 040 |
|
|
|a CSA
|c CSA
|d TXA
|d UtOrBLW
|
| 049 |
|
|
|a TXAM
|c [A11645860]
|
| 050 |
|
4 |
|a QH104.5.S6
|b T25 no. 23
|
| 100 |
1 |
|
|a Kingsley, Kenneth James.
|
| 245 |
1 |
2 |
|a A preliminary investigation of the arthropod fauna of the Quitobaquito Springs Area, Organ Pipe Cactus National Monument, Arizona /
|c Kenneth J. Kingsley, Richard A. Bailowitz, and Robert L. Smith.
|
| 264 |
|
1 |
|a Tucson, AZ :
|b Cooperative National Park Resources Studies Unit, University of Arizona ;
|a San Francisco, CA :
|b Western Region, National Park Service, Dept. of the Interior,
|c 1987.
|
| 300 |
|
|
|a 24 pages ;
|c 28 cm.
|
| 336 |
|
|
|a text
|b txt
|2 rdacontent
|
| 337 |
|
|
|a unmediated
|b n
|2 rdamedia
|
| 338 |
|
|
|a volume
|b nc
|2 rdacarrier
|
| 490 |
1 |
|
|a Technical report / Cooperative National Park Resources Studies Unit, University of Arizona ;
|v no.23
|
| 490 |
1 |
|
|a Quitobaquito science series ;
|v no.7
|
| 504 |
|
|
|a Bibliography: page 23.
|
| 500 |
|
|
|a "July 1987."
|
| 500 |
|
|
|a "Contribution number CPSU/UA 057/01."
|
| 650 |
|
0 |
|a Zoology
|z Arizona
|z Organ Pipe Cactus National Monument.
|
| 650 |
|
0 |
|a Insects
|z Arizona
|z Organ Pipe Cactus National Monument.
|
| 651 |
|
0 |
|a Organ Pipe Cactus National Monument (Ariz.)
|
| 700 |
1 |
|
|a Bailowitz, Richard A. (Richard Allen)
|
| 700 |
1 |
|
|a Smith, Robert L.
|q (Robert Lloyd)
|
| 710 |
2 |
|
|a Cooperative National Park Resources Studies Unit (Tucson, Ariz.)
|
| 710 |
1 |
|
|a United States.
|b National Park Service.
|b Western Regional Office.
|
| 830 |
|
0 |
|a Technical report (Cooperative National Park Resources Studies Unit (Tucson, Ariz.)) ;
|v no. 7.
|
| 830 |
|
0 |
|a Technical report (Cooperative National Park Resources Studies Unit (Tucson, Ariz.)).
|p Quitobaquito science series ;
|v no. 7.
|
| 999 |
|
|
|a MARS
|
| 999 |
f |
f |
|s 5fe41917-6877-37a8-93cc-7749d846625a
|i 5eb46bc2-cc04-3897-ba56-0500ef041c5a
|t 0
|
| 952 |
f |
f |
|p ric
|a Texas A&M University
|b Rellis Campus
|c Joint Library Facility
|d Remote Storage
|t 0
|e QH104.5.S6 T25 no.23
|h Library of Congress classification
|i unmediated -- volume
|m A14811645860
|
| 998 |
f |
f |
|a QH104.5.S6 T25 no.23
|t 0
|l Remote Storage
|